[Event "XXXVIII C.to Italiano a squadre Master"]
[Site "Porto San Giorgio ITA"]
[Date "2006.04.23"]
[Round "5"]
[White "Passoni, Carlo"]
[Black "Lucaroni, Massimiliano"]
[Result "1/2-1/2"]
[WhiteElo "2251"]
[BlackElo "2293"]
[PlyCount "126"]
[EventDate "2006.04.21"]

1.e4 e5 2.Nf3 Nc6 3.Bb5 a6 4.Ba4 Nf6 5.O-O Be7 6.Re1 b5 7.Bb3 d6 8.c3 O-O 
9.d4 Bg4 10.Be3 exd4 11.cxd4 Na5 12.Bc2 Nc4 13.Bc1 c5 14.b3 Nb6 15.Nbd2 
cxd4 16.Bb2 Nfd7 17.Bxd4 Bf6 18.Bxf6 Qxf6 19.h3 Bh5 20.Qe2 Rac8 21.Bd3 
Rfe8 22.a4 Nd5 23.axb5 Nf4 24.Qf1 Rc3 25.e5 dxe5 26.Rxa6 Qd8 27.Be4 Nc5 
28.Ra8 Qe7 29.Rxe8+ Qxe8 30.Bc6 Qd8 31.Ra1 e4 32.Ra8 Qxa8 33.Bxa8 exf3 34.
g4 Rc1 35.Qxc1 Ne2+ 36.Kh2 Nxc1 37.gxh5 N1xb3 38.Nxb3 Nxb3 39.Bc6 Nd4 40.
Bd7 Nb3 41.b6 Nc5 42.Bc8 h6 43.Kg3 Kf8 44.Kxf3 Ke7 45.Ke3 Kd8 46.Bf5 Na4 
47.b7 Kc7 48.Bd7 Nc5 49.Be8 Nxb7 50.Bxf7 Kd6 51.Kf4 Ke7 52.Bd5 Nd6 53.Ke5 
Ne8 54.Kf5 Nf6 55.Bf3 Kf7 56.Be2 Kg8 57.Kg6 Kh8 58.Kf7 Ne4 59.f4 Nf6 60.
Bg4 Nd5 61.f5 Nf6 62.Bf3 Nh7 63.h4 Nf6 1/2-1/2

[Event "XXXVIII C.to Italiano a squadre Master"]
[Site "Porto San Giorgio ITA"]
[Date "2006.04.23"]
[Round "5"]
[White "Ranieri, Fabrizio"]
[Black "Bellini, Fabio"]
[Result "1/2-1/2"]
[WhiteElo "2228"]
[BlackElo "2499"]
[PlyCount "63"]
[EventDate "2006.04.21"]

1.e4 e5 2.Nf3 Nc6 3.Bc4 Nf6 4.d3 Bc5 5.O-O d6 6.h3 Na5 7.Bb5+ c6 8.Ba4 b5 
9.Bb3 O-O 10.Qe2 Nxb3 11.axb3 Nh5 12.Be3 Qf6 13.Bxc5 Nf4 14.Qe3 Bxh3 15.
Ne1 Qg6 16.Nc3 Bxg2 17.Qg3 Bxf1 18.Qxg6 fxg6 19.Bxd6 Nh3+ 20.Kh2 Rxf2+ 21.
Kg3 g5 22.Bc5 Raf8 23.Bxf8 Kxf8 24.Nf3 b4 25.Na4 h5 26.Nc5 h4+ 27.Kg4 Be2 
28.Nd7+ Kg8 29.Nxe5 Kh7 30.d4 Rg2+ 31.Kf5 Rf2 32.Kg4 1/2-1/2

[Event "XXXVIII C.to Italiano a squadre Master"]
[Site "Porto San Giorgio ITA"]
[Date "2006.04.23"]
[Round "5"]
[White "Saccona, Silvano"]
[Black "Arlandi, Ennio"]
[Result "0-1"]
[WhiteElo "2162"]
[BlackElo "2453"]
[PlyCount "76"]
[EventDate "2006.04.21"]

1.e4 c5 2.Nf3 e6 3.c4 Nc6 4.Nc3 e5 5.d3 d6 6.Be2 Be7 7.O-O f5 8.exf5 Bxf5 
9.Nd5 Nf6 10.Nxf6+ Bxf6 11.Be3 O-O 12.Nd2 Bg5 13.Ne4 Bxe4 14.dxe4 Bxe3 15.
fxe3 Rxf1+ 16.Bxf1 Qg5 17.Qd5+ Kh8 18.Qd2 Rf8 19.Rd1 Rf6 20.Bd3 Ne7 21.Rf1
Ng8 22.Be2 Rxf1+ 23.Kxf1 Qe7 24.Bf3 Nf6 25.g4 h6 26.h4 Kg8 27.Kg2 Kf8 28.
Kg3 Qd8 29.Qh2 Nh7 30.Qd2 Qd7 31.Qf2 Ke7 32.Bg2 g6 33.Bh3 Qa4 34.g5 hxg5 
35.h5 Nf6 36.Kh2 gxh5 37.Qf5 g4 38.Qg6 Qe8 0-1

[Event "XXXVIII C.to Italiano a squadre Master"]
[Site "Porto San Giorgio ITA"]
[Date "2006.04.23"]
[Round "5"]
[White "Tassi, Oliviero"]
[Black "Lapiccirella, Mattia"]
[Result "1-0"]
[WhiteElo "2300"]
[BlackElo "2243"]
[PlyCount "75"]
[EventDate "2006.04.21"]

1.g3 c5 2.c4 e6 3.Bg2 Nc6 4.Nc3 g6 5.a3 Bg7 6.h4 h6 7.b4 d6 8.Rb1 Nge7 9.
Nh3 O-O 10.Nf4 e5 11.Nfd5 cxb4 12.axb4 Nxd5 13.Nxd5 Bg4 14.Ne3 Bc8 15.b5 
Nd4 16.Bb2 f5 17.Bd5+ Kh8 18.Bxd4 exd4 19.Ng2 Be5 20.f4 Bf6 21.h5 g5 22.
Qc2 Qe7 23.Kf2 Be6 24.Rhe1 Bxd5 25.cxd5 Qd7 26.Qd3 Rae8 27.Ra1 Re4 28.Rxa7
Qf7 29.Qf3 d3 30.Kf1 Bd4 31.Ra4 dxe2+ 32.Rxe2 g4 33.Qd3 Bg7 34.Raxe4 fxe4 
35.Qxe4 Qxh5 36.Nh4 Ra8 37.Kg2 Bf6 38.Qf5 1-0

[Event "XXXVIII C.to Italiano a squadre Master"]
[Site "Porto San Giorgio ITA"]
[Date "2006.04.23"]
[Round "5"]
[White "Vocaturo, Daniele"]
[Black "Vitri, Sergio"]
[Result "1-0"]
[WhiteElo "2402"]
[BlackElo "2105"]
[PlyCount "37"]
[EventDate "2006.04.21"]

1.e4 Nf6 2.e5 Nd5 3.d4 d6 4.c4 Nb6 5.f4 dxe5 6.fxe5 Nc6 7.Be3 Bf5 8.Nc3 e6
9.Nf3 Qd7 10.Be2 Rd8 11.O-O Bg4 12.Ng5 Bxe2 13.Qxe2 Nxd4 14.Bxd4 Qxd4+ 15.
Kh1 Rd7 16.Qh5 Qxe5 17.Rae1 g6 18.Qh4 Qd4 19.Nxe6 1-0

[Event "XII Torneo Leonardo di Bona Masters"]
[Site "Cutro ITA"]
[Date "2006.04.23"]
[Round "1"]
[White "Brancaleoni, Maurizio"]
[Black "Lazic, Miroljub"]
[Result "0-1"]
[WhiteElo "2286"]
[BlackElo "2493"]
[PlyCount "70"]
[EventDate "2006.04.23"]

1.d4 d6 2.Nf3 Bg4 3.Qd3 c6 4.e4 Nd7 5.h3 Bh5 6.g4 Bg6 7.Nh4 e5 8.Nxg6 hxg6
9.Be3 Ngf6 10.Bg2 exd4 11.Bxd4 Nc5 12.Bxc5 dxc5 13.Qxd8+ Rxd8 14.Nd2 Bd6 
15.Rd1 Ke7 16.Ke2 Bc7 17.Nb3 Rxd1 18.Rxd1 Nd7 19.Bf1 g5 20.f3 Rh6 21.Kf2 
Nf8 22.Nc1 Ne6 23.Ne2 Be5 24.c3 Rh8 25.Rd2 b5 26.Ke1 Bf4 27.Rd1 Rb8 28.Kf2
Be5 29.Nc1 c4 30.a3 Nc5 31.Na2 a5 32.Ke1 Bf4 33.Rd4 Na4 34.Kd1 Nxb2+ 35.
Kc2 Na4 0-1

[Event "XII Torneo Leonardo di Bona Masters"]
[Site "Cutro ITA"]
[Date "2006.04.23"]
[Round "1"]
[White "Cetkovic, Sergio"]
[Black "Naumkin, Igor"]
[Result "0-1"]
[WhiteElo "2101"]
[BlackElo "2415"]
[PlyCount "86"]
[EventDate "2006.04.23"]

1.e4 e5 2.Nf3 Nc6 3.Bc4 Nf6 4.d3 Bc5 5.Nc3 d6 6.h3 a6 7.a3 h6 8.b4 Ba7 9.
Be3 O-O 10.O-O Nd4 11.Nd5 Ne6 12.c3 Nh7 13.Bxa7 Rxa7 14.Qd2 c6 15.Ne3 Nf4 
16.Kh2 d5 17.exd5 cxd5 18.Bb3 Re8 19.Rae1 b5 20.d4 e4 21.Ng1 Ng5 22.f3 Qd6
23.Kh1 Nh5 24.f4 Nxf4 25.Nf5 Bxf5 26.Qxf4 Qxf4 27.Rxf4 Be6 28.Re3 Nh7 29.
Ne2 g5 30.Rf1 f5 31.Nc1 f4 32.Ree1 Nf6 33.a4 e3 34.Ne2 Ne4 35.Bc2 Nd2 36.
a5 Nxf1 37.Rxf1 Rf8 38.Kh2 Raf7 39.Bg6 Rf6 40.Bh5 Kg7 41.Nc1 Rc8 42.Ne2 
Bf5 43.Bg4 Kg6 0-1

[Event "XII Torneo Leonardo di Bona Masters"]
[Site "Cutro ITA"]
[Date "2006.04.23"]
[Round "1"]
[White "Di Caro, Calogero"]
[Black "Blagojevic, Dragisa"]
[Result "0-1"]
[WhiteElo "2318"]
[BlackElo "2536"]
[PlyCount "90"]
[EventDate "2006.04.23"]

1.d4 d5 2.c4 e6 3.Nf3 Nf6 4.g3 dxc4 5.Qa4+ c6 6.Qxc4 b5 7.Qd3 Bb7 8.Bg2 
Nbd7 9.O-O a6 10.Be3 c5 11.dxc5 Bxc5 12.Bxc5 Nxc5 13.Qxd8+ Rxd8 14.Rc1 Rc8
15.b4 Na4 16.Rxc8+ Bxc8 17.Nd4 Bd7 18.Nd2 Ke7 19.Rc1 Rc8 20.Rxc8 Bxc8 21.
f4 Ng4 22.Bf3 Ne3 23.Kf2 Nd1+ 24.Ke1 Ndc3 25.a3 Kd6 26.Ne4+ Nxe4 27.Bxe4 
f5 28.Bf3 Nb6 29.Nc2 e5 30.fxe5+ Kxe5 31.e3 Nc4 32.Ke2 g5 33.Kd3 f4 34.
exf4+ gxf4 35.Kc3 fxg3 36.hxg3 Nd6 37.Nd4 Ne4+ 38.Kd3 Nxg3 39.Nc6+ Kf4 40.
Bd5 Bf5+ 41.Kd4 h5 42.Nb8 Be4 43.Be6 Nf5+ 44.Kc5 h4 45.Nd7 h3 0-1

[Event "XII Torneo Leonardo di Bona Masters"]
[Site "Cutro ITA"]
[Date "2006.04.23"]
[Round "1"]
[White "Kasparov, Sergey"]
[Black "Van Hoolandt, Patrick"]
[Result "1-0"]
[WhiteElo "2481"]
[BlackElo "2246"]
[PlyCount "81"]
[EventDate "2006.04.23"]

1.e4 e5 2.Nf3 Nc6 3.Bb5 Nf6 4.O-O Nxe4 5.d4 Nd6 6.Bxc6 dxc6 7.dxe5 Nf5 8.
Qxd8+ Kxd8 9.Nc3 Ne7 10.h3 Bf5 11.Rd1+ Ke8 12.Rd2 Rd8 13.Re2 h6 14.Be3 b6 
15.Nd4 Be6 16.Nxe6 fxe6 17.Ne4 Ng8 18.f4 Be7 19.g4 g6 20.Kg2 Kf8 21.Ree1 
Rh7 22.Red1 Rxd1 23.Rxd1 Ke8 24.Rd3 Rf7 25.Kg3 Bd8 26.c4 c5 27.Ra3 a5 28.
Rd3 Be7 29.Rd2 Bd8 30.Rd1 Be7 31.h4 Rg7 32.g5 Rh7 33.Nf6+ Nxf6 34.gxf6 Bf8
35.h5 gxh5 36.Kh4 Rh8 37.Rg1 Kf7 38.Kxh5 Rh7 39.Rd1 Ke8 40.Kg6 Rf7 41.Rd8+
1-0

[Event "XII Torneo Leonardo di Bona Masters"]
[Site "Cutro ITA"]
[Date "2006.04.23"]
[Round "1"]
[White "Mrdja, Milan"]
[Black "Cordi', Domenico"]
[Result "1-0"]
[WhiteElo "2409"]
[BlackElo "2065"]
[PlyCount "122"]
[EventDate "2006.04.23"]

1.e4 Nf6 2.e5 Nd5 3.d4 d6 4.Nf3 g6 5.Bc4 Nb6 6.Bb3 Bg7 7.Ng5 e6 8.f4 Nc6 
9.c3 Bd7 10.Qe2 Qe7 11.O-O O-O-O 12.Ne4 h6 13.a4 Kb8 14.Qf2 f5 15.exf6 
Bxf6 16.Nxf6 Qxf6 17.Nd2 Rhf8 18.Ne4 Qg7 19.Qe1 Rde8 20.Bd2 Nd5 21.Kh1 Nf6
22.Bc2 Nxe4 23.Bxe4 g5 24.fxg5 Rxf1+ 25.Qxf1 hxg5 26.Qf2 d5 27.Bc2 e5 28.
dxe5 Rxe5 29.Rf1 b6 30.Qf8+ Qxf8 31.Rxf8+ Kb7 32.Kg1 Re2 33.Rf2 Re5 34.Kf1
d4 35.cxd4 Nxd4 36.Bc3 c5 37.Rd2 Bc6 38.Bxd4 cxd4 39.g3 Rd5 40.Ke2 Bd7 41.
Be4 Bg4+ 42.Kd3 Bf5 43.Bxf5 Rxf5 44.Ke4 Rf8 45.Kxd4 a5 46.Ke3 Kc6 47.Rd4 
Rh8 48.Rd2 Rf8 49.Rf2 Re8+ 50.Kf3 Rf8+ 51.Kg2 Rh8 52.Rc2+ Kd5 53.Kf3 Kd4 
54.Kg4 Kd3 55.Rc3+ Kd4 56.h3 b5 57.axb5 Rb8 58.Rf3 Kc4 59.b3+ Kb4 60.Kxg5 
Rxb5+ 61.Kg4 Ka3 1-0

[Event "XII Torneo Leonardo di Bona Masters"]
[Site "Cutro ITA"]
[Date "2006.04.23"]
[Round "1"]
[White "Serratore, Vincenzo"]
[Black "Roeder, Matthias"]
[Result "0-1"]
[WhiteElo "2046"]
[BlackElo "2403"]
[PlyCount "76"]
[EventDate "2006.04.23"]

1.d4 Nf6 2.Bf4 e6 3.e3 c5 4.c3 Nc6 5.Nf3 Qb6 6.Qc2 d5 7.Nbd2 Bd7 8.Ne5 Rc8
9.Ndf3 cxd4 10.Nxc6 dxc3 11.bxc3 Qxc6 12.Be5 Bd6 13.Bd4 Qc7 14.Rb1 e5 15.
Bxa7 b5 16.Bd4 exd4 17.Nxd4 b4 18.Bb5 O-O 19.Bxd7 Qxd7 20.Rb3 Ne4 21.Ne2 
bxc3 22.a3 Qg4 23.Ng3 Bxg3 24.hxg3 h6 25.O-O Nd2 26.Rb4 Rc4 27.Rc1 Rfc8 
28.Rb5 Qe4 29.Qd1 g6 30.Rc2 Qd3 31.Qc1 h5 32.Rb7 h4 33.gxh4 Rxh4 34.Re7 
Qe2 35.Rxc3 Rxc3 36.Re8+ Kh7 37.Rh8+ Kxh8 38.Qxc3+ Kh7 0-1

[Event "XII Torneo Leonardo di Bona Masters"]
[Site "Cutro ITA"]
[Date "2006.04.24"]
[Round "2"]
[White "Blagojevic, Dragisa"]
[Black "Marholev, Dimitar"]
[Result "1/2-1/2"]
[WhiteElo "2536"]
[BlackElo "2419"]
[PlyCount "57"]
[EventDate "2006.04.23"]

1.d4 Nf6 2.c4 g6 3.g3 c5 4.Nf3 cxd4 5.Nxd4 Bg7 6.Bg2 Nc6 7.Nc3 O-O 8.O-O 
Qa5 9.Nb3 Qh5 10.e4 Qxd1 11.Rxd1 d6 12.c5 dxc5 13.Nxc5 e5 14.h3 b6 15.Nd3 
Ba6 16.Be3 Rac8 17.Rac1 Rfd8 18.Bf1 Bb7 19.f3 Nd7 20.Nd5 Kh8 21.Kf2 f5 22.
Nc3 Nf8 23.exf5 gxf5 24.f4 Ne6 25.fxe5 Nxe5 26.Nf4 Nxf4 27.Bxf4 Ng6 28.Bg5
Rf8 29.Bg2 1/2-1/2

[Event "XII Torneo Leonardo di Bona Masters"]
[Site "Cutro ITA"]
[Date "2006.04.24"]
[Round "2"]
[White "Cordi', Domenico"]
[Black "Sardo, Gabriele"]
[Result "1/2-1/2"]
[WhiteElo "2065"]
[BlackElo "2186"]
[PlyCount "118"]
[EventDate "2006.04.23"]

1.e4 c5 2.Nf3 Nc6 3.d4 cxd4 4.Nxd4 Nf6 5.Nc3 d6 6.Be2 g6 7.Be3 Bg7 8.O-O 
O-O 9.Kh1 Bd7 10.f4 Qc8 11.Qd2 Bg4 12.Bd3 Bd7 13.Nb3 Nb4 14.Bd4 Nxd3 15.
cxd3 Qd8 16.Rae1 Bc6 17.f5 a5 18.a4 Qd7 19.Ra1 b5 20.axb5 Bxb5 21.Bxf6 
Bxf6 22.Nd5 Qd8 23.Nxf6+ exf6 24.Rf3 Kg7 25.Rh3 g5 26.Nd4 Qb6 27.Nf3 h6 
28.Rg3 Rh8 29.h4 a4 30.Rh3 g4 31.Rg3 h5 32.Nh2 Rac8 33.Nf1 Qd4 34.Re3 d5 
35.exd5 Qxd5 36.Ng3 Qd4 37.Rd1 Rc2 38.Qxc2 Qxe3 39.Kh2 Qd4 40.Qd2 Bc6 41.
Rc1 Bd5 42.Rc3 Qb4 43.d4 Qd6 44.Kg1 Qb4 45.Qf2 Bb3 46.Rc5 a3 47.bxa3 Qxa3 
48.Qf4 Qb4 49.Kh2 Qe1 50.Rc6 Bd5 51.Rxf6 Qe7 52.Rd6 Qxh4+ 53.Kg1 Ba8 54.
f6+ Kg6 55.Qf5+ Kh6 56.Qf4+ Kg6 57.d5 Qg5 58.Qe4+ Kh6 59.Nf5+ Kg6 1/2-1/2

[Event "XII Torneo Leonardo di Bona Masters"]
[Site "Cutro ITA"]
[Date "2006.04.24"]
[Round "2"]
[White "Lazic, Miroljub"]
[Black "Mrdja, Milan"]
[Result "1/2-1/2"]
[WhiteElo "2493"]
[BlackElo "2409"]
[PlyCount "29"]
[EventDate "2006.04.23"]

1.e4 c5 2.c3 Qc7 3.Nf3 d6 4.h3 Nf6 5.Bb5+ Bd7 6.Bxd7+ Nbxd7 7.d3 d5 8.Qe2 
dxe4 9.dxe4 e5 10.Bg5 Be7 11.Nbd2 O-O 12.a4 Rfe8 13.Bxf6 Nxf6 14.O-O Bf8 
15.Nc4 1/2-1/2

[Event "XII Torneo Leonardo di Bona Masters"]
[Site "Cutro ITA"]
[Date "2006.04.24"]
[Round "2"]
[White "Naumkin, Igor"]
[Black "Drasko, Milan"]
[Result "1/2-1/2"]
[WhiteElo "2415"]
[BlackElo "2504"]
[PlyCount "21"]
[EventDate "2006.04.23"]

1.d4 e6 2.c4 Nf6 3.Nf3 Bb4+ 4.Bd2 c5 5.Bxb4 cxb4 6.g3 O-O 7.Bg2 d6 8.O-O 
Nc6 9.Nbd2 e5 10.d5 Nb8 11.e4 1/2-1/2

[Event "XII Torneo Leonardo di Bona Masters"]
[Site "Cutro ITA"]
[Date "2006.04.24"]
[Round "2"]
[White "Roeder, Matthias"]
[Black "Kasparov, Sergey"]
[Result "1/2-1/2"]
[WhiteElo "2403"]
[BlackElo "2481"]
[PlyCount "35"]
[EventDate "2006.04.23"]

1.Nf3 Nf6 2.c4 c5 3.g3 b6 4.Bg2 Bb7 5.O-O e6 6.Nc3 d6 7.b3 Be7 8.Bb2 O-O 
9.d4 cxd4 10.Nxd4 Bxg2 11.Kxg2 Qc8 12.e3 Nc6 13.Nxc6 Qxc6+ 14.Qf3 Rfc8 15.
Qxc6 Rxc6 16.Rfd1 g6 17.Rac1 h6 18.h3 1/2-1/2

[Event "XII Torneo Leonardo di Bona Masters"]
[Site "Cutro ITA"]
[Date "2006.04.24"]
[Round "2"]
[White "Scerbo, Antonio"]
[Black "Brancaleoni, Maurizio"]
[Result "1-0"]
[WhiteElo "2124"]
[BlackElo "2286"]
[PlyCount "95"]
[EventDate "2006.04.23"]

1.d4 c5 2.e4 cxd4 3.Nf3 a6 4.Nxd4 Nf6 5.Nc3 e5 6.Nb3 Bb4 7.Bd3 Bxc3+ 8.
bxc3 d6 9.O-O Qc7 10.Ba3 Nbd7 11.Qd2 b6 12.f3 Bb7 13.c4 h6 14.Rfd1 O-O-O 
15.Rab1 g5 16.Qb4 Nc5 17.Nd2 Nfd7 18.Nf1 Nxd3 19.cxd3 Qc5+ 20.Qxc5+ dxc5 
21.Ne3 Kc7 22.Kf2 Ra8 23.Rdc1 Rhd8 24.g4 Nf8 25.Nd5+ Bxd5 26.cxd5 Ng6 27.
Ke3 Rab8 28.Rc4 Kd7 29.Ra4 a5 30.Rc4 Nf4 31.Rc2 f6 32.Rh1 h5 33.h4 gxh4 
34.Rxh4 Rg8 35.Rch2 Rg7 36.Kd2 hxg4 37.Rxg4 Rbg8 38.Rxg7+ Rxg7 39.Kc3 Rg3 
40.Rh7+ Kc8 41.Kc4 Rxf3 42.Kb5 Rxd3 43.Kc6 Kd8 44.d6 Ng6 45.Ra7 Ne7+ 46.
Rxe7 Rxa3 47.Rh7 Ke8 48.d7+ 1-0

[Event "XII Torneo Leonardo di Bona Masters"]
[Site "Cutro ITA"]
[Date "2006.04.24"]
[Round "2"]
[White "Van Hoolandt, Patrick"]
[Black "Serratore, Vincenzo"]
[Result "1-0"]
[WhiteElo "2246"]
[BlackElo "2046"]
[PlyCount "145"]
[EventDate "2006.04.23"]

1.d4 d5 2.c4 e5 3.dxe5 d4 4.Nf3 Nc6 5.g3 Bg4 6.Bg2 Nge7 7.O-O Ng6 8.Nbd2 
Qd7 9.a3 a5 10.b3 Bc5 11.Bb2 O-O 12.b4 axb4 13.Nb3 Be7 14.axb4 Rxa1 15.
Qxa1 Nxb4 16.Nbxd4 c5 17.Nb5 Rd8 18.Qc1 h5 19.Qc3 Na2 20.Qa3 Nb4 21.Qc3 
Na2 22.Qb3 Nb4 23.h4 Bh3 24.Qc3 Qg4 25.Nh2 Qc8 26.e6 Bf6 27.exf7+ Kxf7 28.
Qf3 Bxg2 29.Kxg2 Qc6 30.Bxf6 gxf6 31.Qxc6 Nxc6 32.Nf3 Nge5 33.Rc1 Ke6 34.
Nc7+ Kd6 35.Nb5+ Ke6 36.Rc2 Nd7 37.Nc7+ Kd6 38.Nd5 Na5 39.Nc3 Kc6 40.Rb2 
Nb6 41.Rc2 Re8 42.Nd2 Nd7 43.Kf1 Kc7 44.Nd5+ Kc6 45.Nf4 Rh8 46.Ke1 Ne5 47.
Kd1 Ng4 48.Ke1 f5 49.e3 Nf6 50.Ke2 Rd8 51.Ne6 Rd7 52.Nf3 Kd6 53.Nf4 Ke7 
54.Ne5 Rd6 55.Rb2 Nd7 56.Nxd7 Kxd7 57.Rc2 Nc6 58.Nxh5 Ne5 59.Nf4 Kc6 60.h5
Rd8 61.Rc1 Ra8 62.Rc2 b6 63.f3 Ra4 64.h6 Nf7 65.h7 Nh8 66.Ne6 Ra1 67.Ng5 
Rh1 68.Kd3 Rg1 69.Ra2 Rxg3 70.f4 Ng6 71.Rh2 Nh8 72.Rh6+ Kb7 73.Rf6 1-0

[Event "XII Torneo Leonardo di Bona Masters"]
[Site "Cutro ITA"]
[Date "2006.04.24"]
[Round "2"]
[White "Voiska, Margarita"]
[Black "Cetkovic, Sergio"]
[Result "1-0"]
[WhiteElo "2314"]
[BlackElo "2101"]
[PlyCount "111"]
[EventDate "2006.04.23"]

1.d4 Nf6 2.c4 g6 3.Nc3 Bg7 4.e4 d6 5.Bd3 e5 6.d5 a5 7.Nge2 Na6 8.O-O Nc5 
9.Bc2 O-O 10.h3 Nh5 11.g4 Nf6 12.f3 Ne8 13.Ng3 Qh4 14.Kg2 Bh6 15.Qe1 Bf4 
16.Bxf4 exf4 17.Nge2 Qxe1 18.Raxe1 g5 19.h4 h6 20.Nd4 f6 21.Rh1 Kg7 22.
Ncb5 Bd7 23.hxg5 fxg5 24.e5 dxe5 25.Rxe5 Rf7 26.Ne6+ Nxe6 27.dxe6 Re7 28.
exd7 Rxe5 29.dxe8=Q Raxe8 30.Be4 Rc5 31.Nd4 Rxc4 32.Nf5+ Kf8 33.Rxh6 Rcxe4
34.fxe4 Rxe4 35.Kf3 Rc4 36.Rf6+ Ke8 37.Re6+ Kd8 38.Re4 Rc2 39.Re2 Rc1 40.
Nd4 Rf1+ 41.Kg2 Rd1 42.Ne6+ Kd7 43.Nxg5 Rd3 44.Nf3 Kd6 45.Rd2 Rxd2+ 46.
Nxd2 b5 47.Kf3 Ke5 48.Ke2 a4 49.Nf3+ Kd5 50.Kd3 c5 51.g5 b4 52.b3 a3 53.g6
c4+ 54.bxc4+ Ke6 55.c5 Kf6 56.Kc4 1-0

[Event "XII Torneo Leonardo di Bona Masters"]
[Site "Cutro ITA"]
[Date "2006.04.25"]
[Round "3"]
[White "Blasco, Domenico"]
[Black "Van Hoolandt, Patrick"]
[Result "0-1"]
[WhiteElo "2008"]
[BlackElo "2246"]
[PlyCount "74"]
[EventDate "2006.04.23"]

1.d4 Nf6 2.Bf4 e6 3.e3 c5 4.c3 Qb6 5.Qb3 d5 6.Na3 Bd7 7.Nb5 c4 8.Nd6+ Qxd6
9.Qxb7 Qc6 10.Qxc6 Nxc6 11.b3 cxb3 12.axb3 Nh5 13.Nf3 Nxf4 14.exf4 Bd6 15.
Ne5 Bxe5 16.fxe5 Ke7 17.b4 Rhb8 18.b5 Nd8 19.Ra5 Rb6 20.Bd3 Nb7 21.Ra1 
Bxb5 22.Bc2 Bc4 23.h4 h5 24.Kd2 a5 25.f3 g6 26.g4 Rh8 27.Ba4 Kd8 28.Ke3 
Kc7 29.Kf4 Bb3 30.Kg5 Bxa4 31.Rxa4 Rb3 32.Rc1 Kd7 33.c4 Rxf3 34.c5 Rc8 35.
gxh5 gxh5 36.Kxh5 Rg3 37.c6+ Ke7 0-1

[Event "XII Torneo Leonardo di Bona Masters"]
[Site "Cutro ITA"]
[Date "2006.04.25"]
[Round "3"]
[White "Drasko, Milan"]
[Black "Wohl, Aleksandar H."]
[Result "1-0"]
[WhiteElo "2504"]
[BlackElo "2432"]
[PlyCount "151"]
[EventDate "2006.04.23"]

1.d4 Nf6 2.c4 e6 3.Nc3 Bb4 4.Qc2 O-O 5.a3 Bxc3+ 6.Qxc3 b6 7.Bg5 Bb7 8.f3 
d5 9.e3 Nbd7 10.Nh3 h6 11.Bh4 Re8 12.cxd5 exd5 13.Be2 Qe7 14.Bf2 c5 15.O-O
cxd4 16.Qxd4 Nc5 17.Rad1 Rac8 18.Bb5 Ne6 19.Qb4 Bc6 20.Qxe7 Rxe7 21.Rc1 
Rec7 22.Ba6 Bb7 23.Rxc7 Rxc7 24.Bxb7 Rxb7 25.Bg3 g5 26.Rd1 Rd7 27.Be5 Ne8 
28.Nf2 f6 29.Bc3 Kf7 30.g4 N8c7 31.Ne4 Rd8 32.Ng3 Ng7 33.Kf2 Ke6 34.Ne2 
Nb5 35.Be1 Rc8 36.a4 Nd6 37.Nc3 Rc5 38.b4 Rc4 39.Nxd5 Rc2+ 40.Kg1 h5 41.
Nxf6 Nc4 42.Nxh5 Nxh5 43.gxh5 Ne5 44.Bg3 Nxf3+ 45.Kh1 Kf5 46.h6 Kg6 47.
Rd6+ Kh7 48.b5 Ra2 49.Rd7+ Kxh6 50.Rxa7 Nh4 51.Bxh4 gxh4 52.h3 Kg6 53.Ra6 
Kf5 54.Rxb6 Ke4 55.Rg6 Kxe3 56.b6 Rxa4 57.Rg4 Ra6 58.Rg6 Ra8 59.b7 Rb8 60.
Rg7 Kf3 61.Kh2 Rd8 62.Rg2 Rb8 63.Rb2 Ke3 64.Kg2 Rg8+ 65.Kf1 Rf8+ 66.Ke1 
Rb8 67.Rb1 Kd3 68.Kf2 Rf8+ 69.Kg2 Rg8+ 70.Kf2 Rb8 71.Kf3 Kd2 72.Kg4 Kc2 
73.Rb5 Kd3 74.Kxh4 Ke4 75.Kg5 Kd4 76.h4 1-0

[Event "XII Torneo Leonardo di Bona Masters"]
[Site "Cutro ITA"]
[Date "2006.04.25"]
[Round "3"]
[White "Kasparov, Sergey"]
[Black "Naumkin, Igor"]
[Result "1-0"]
[WhiteElo "2481"]
[BlackElo "2415"]
[PlyCount "83"]
[EventDate "2006.04.23"]

1.e4 e6 2.d4 d5 3.Nd2 c5 4.exd5 Qxd5 5.Ngf3 cxd4 6.Bc4 Qd6 7.O-O Nf6 8.Nb3
Nc6 9.Nbxd4 Nxd4 10.Nxd4 Bd7 11.c3 Qc7 12.Qe2 O-O-O 13.h3 a6 14.a4 h5 15.
Be3 Bc6 16.Nxc6 Qxc6 17.b4 Qc7 18.Rfd1 Be7 19.Bd4 Nd7 20.a5 Bf6 21.b5 Bxd4
22.cxd4 axb5 23.Bxe6 Kb8 24.Bd5 Nf6 25.Bf3 Nd5 26.Rdc1 Nc3 27.Qb2 Rc8 28.
Rc2 Qc4 29.a6 b4 30.axb7 Rcd8 31.Rd2 Kc7 32.Ra8 Rhe8 33.Qa1 Qb5 34.Qa5+ 
Qxa5 35.Rxa5 Re6 36.Rc5+ Kb8 37.Rc4 g5 38.Rb2 Re1+ 39.Kh2 g4 40.hxg4 hxg4 
41.Bxg4 Rh8+ 42.Bh3 1-0

[Event "XII Torneo Leonardo di Bona Masters"]
[Site "Cutro ITA"]
[Date "2006.04.25"]
[Round "3"]
[White "Marholev, Dimitar"]
[Black "Lazic, Miroljub"]
[Result "1-0"]
[WhiteElo "2419"]
[BlackElo "2493"]
[PlyCount "33"]
[EventDate "2006.04.23"]

1.c4 e6 2.Nc3 d5 3.d4 c6 4.Bf4 dxc4 5.e3 b5 6.a4 Bb4 7.axb5 cxb5 8.Qf3 Qd5
9.Qg3 Qf5 10.Qxg7 Qc2 11.Ne2 Qxb2 12.Rc1 Nd7 13.Qxh8 Nf6 14.Bg5 Ne4 15.
Qxg8+ Kd7 16.Qxf7+ Kc6 17.Qe8+ 1-0

[Event "XII Torneo Leonardo di Bona Masters"]
[Site "Cutro ITA"]
[Date "2006.04.25"]
[Round "3"]
[White "Mrdja, Milan"]
[Black "Blagojevic, Dragisa"]
[Result "0-1"]
[WhiteElo "2409"]
[BlackElo "2536"]
[PlyCount "50"]
[EventDate "2006.04.23"]

1.e4 e5 2.Bc4 Nf6 3.d3 Nc6 4.Nf3 Be7 5.O-O O-O 6.Re1 d6 7.a3 Bg4 8.h3 Bh5 
9.Nbd2 Nd4 10.g4 Nxf3+ 11.Nxf3 Bg6 12.Nh4 c6 13.Ba2 Nd7 14.Ng2 Nc5 15.f4 
exf4 16.Nxf4 Bg5 17.Be3 Qf6 18.Qc1 Bxf4 19.Bxf4 Ne6 20.Bg3 Nd4 21.Re3 d5 
22.c3 Nf3+ 23.Kg2 dxe4 24.dxe4 Ng5 25.e5 Be4+ 0-1

[Event "XII Torneo Leonardo di Bona Masters"]
[Site "Cutro ITA"]
[Date "2006.04.25"]
[Round "3"]
[White "Sardo, Gabriele"]
[Black "Brancaleoni, Maurizio"]
[Result "0-1"]
[WhiteElo "2186"]
[BlackElo "2286"]
[PlyCount "106"]
[EventDate "2006.04.23"]

1.d4 d5 2.c4 e6 3.Nc3 a6 4.cxd5 exd5 5.Bf4 Nf6 6.e3 Bd6 7.Nge2 O-O 8.h3 
Re8 9.Qc2 Nc6 10.O-O-O Be6 11.g4 Rc8 12.Kb1 Bf8 13.Ng3 Nd7 14.g5 Nb4 15.
Qd2 b5 16.a3 Nc6 17.Rc1 Na5 18.Nxb5 Nb3 19.Qc2 Nxc1 20.Nxc7 Nb3 21.Nxe6 
Rxc2 22.Nxd8 Rxf2 23.Nc6 Rc8 24.Nb4 Bxb4 25.axb4 Nd2+ 26.Ka2 Nxf1 27.Rxf1 
Rxf1 28.Nxf1 Rc2 29.Nh2 h6 30.gxh6 g5 31.Bd6 Kh7 32.Ng4 f5 33.Ne5 Nxe5 34.
dxe5 Rc6 35.Be7 Re6 36.Bxg5 Rxe5 37.Kb3 Re4 38.Ka4 d4 39.exd4 Rxd4 40.Ka5 
f4 41.Bh4 f3 42.Bg3 Rd6 43.b5 Rg6 44.Bf2 axb5 45.b4 Rg5 46.Be3 Re5 47.Bd4 
Rh5 48.Be3 Kg6 49.Kb6 Re5 50.Bd4 Re4 51.Bc5 Rxb4 52.Bxb4 f2 53.Kxb5 f1=Q+ 
0-1

[Event "XII Torneo Leonardo di Bona Masters"]
[Site "Cutro ITA"]
[Date "2006.04.25"]
[Round "3"]
[White "Scerbo, Antonio"]
[Black "Bentivegna, Francesco"]
[Result "1/2-1/2"]
[WhiteElo "2124"]
[BlackElo "2287"]
[PlyCount "109"]
[EventDate "2006.04.23"]

1.d4 d5 2.Nf3 Bf5 3.c4 e6 4.Qb3 Nc6 5.a3 a6 6.Nc3 Nge7 7.Bf4 dxc4 8.Qxc4 
Nd5 9.Nxd5 exd5 10.Qc3 Bd6 11.Bxd6 Qxd6 12.e3 O-O 13.Rc1 Rfe8 14.Be2 Re7 
15.O-O Nd8 16.Qc5 Qxc5 17.Rxc5 c6 18.Rfc1 Bg4 19.Kf1 Ne6 20.R5c3 Rae8 21.
h4 f5 22.Ne5 Bxe2+ 23.Kxe2 f4 24.b4 fxe3 25.fxe3 Rf8 26.Rf1 Rxf1 27.Kxf1 
Nc7 28.a4 g6 29.Rc2 Kg7 30.Rf2 Ne8 31.Ke2 Nd6 32.Kd3 h5 33.Rf4 Nf5 34.g4 
Nxh4 35.gxh5 g5 36.Rf2 Kh6 37.Rf8 Kg7 38.Rf2 Kh6 39.Rf8 Kg7 40.Rf2 Kh6 41.
Rf8 g4 42.Nxg4+ Kxh5 43.Ne5 Kg5 44.Rf7 Ng6 45.Rxe7 Nxe7 46.a5 Nc8 47.Nd7 
Nd6 48.Nc5 Kf5 49.Ke2 Kf6 50.Kf3 Ke7 51.Kf4 Kd8 52.e4 dxe4 53.Nxe4 Nc4 54.
Nc5 Kc7 55.Ke4 1/2-1/2

[Event "XII Torneo Leonardo di Bona Masters"]
[Site "Cutro ITA"]
[Date "2006.04.25"]
[Round "3"]
[White "Voiska, Margarita"]
[Black "Roeder, Matthias"]
[Result "1/2-1/2"]
[WhiteElo "2314"]
[BlackElo "2403"]
[PlyCount "32"]
[EventDate "2006.04.23"]

1.d4 Nf6 2.Nf3 e6 3.g3 b5 4.Bg2 d5 5.Bg5 Be7 6.Qd3 a6 7.Nbd2 Nbd7 8.Ne5 
Nxe5 9.dxe5 Nd7 10.Bxe7 Qxe7 11.f4 Bb7 12.O-O c5 13.c3 Nb6 14.b3 O-O 15.
Nf3 h6 16.g4 Rfd8 1/2-1/2

[Event "XII Torneo Leonardo di Bona Masters"]
[Site "Cutro ITA"]
[Date "2006.04.26"]
[Round "4"]
[White "Bentivegna, Francesco"]
[Black "Voiska, Margarita"]
[Result "1-0"]
[WhiteElo "2287"]
[BlackElo "2314"]
[PlyCount "81"]
[EventDate "2006.04.23"]

1.e4 c5 2.c3 Nf6 3.e5 Nd5 4.d4 cxd4 5.Nf3 e6 6.cxd4 d6 7.Bc4 Nb6 8.Bd3 
dxe5 9.dxe5 Na6 10.O-O Nc5 11.Bc2 Qxd1 12.Rxd1 Bd7 13.Nc3 Rc8 14.Nd4 Be7 
15.f4 Nca4 16.Ne4 Nd5 17.f5 exf5 18.Nd6+ Bxd6 19.exd6 O-O 20.Bxf5 Rcd8 21.
Bg5 f6 22.Ne6 fxg5 23.Nxf8 Bxf5 24.Rxd5 g6 25.g4 Bxg4 26.Rd4 Bf5 27.Rxa4 
Kxf8 28.Rd4 h5 29.Rc1 Bd7 30.Rc7 Bc6 31.Kf2 Rd7 32.Rxd7 Bxd7 33.Rd5 Ke8 
34.Rxg5 Bf5 35.Ke3 Kd7 36.Kf4 Kxd6 37.Rxf5 gxf5 38.Kxf5 a5 39.Kg5 Ke5 40.
Kxh5 Kf5 41.a4 1-0